[Event "CEDIS Festival saha 2026 - 2. turnir"]
[Site "Podgorica"]
[Date "2026.04.25"]
[Round "3.2"]
[White "Djukic, Katarina"]
[Black "Musovic, Armin"]
[Result "0-1"]
[WhiteElo "1732"]
[BlackElo "2176"]
[WhiteFideId "-1"]
[BlackFideId "-1"]
[PlyCount "130"]
[GameId "2308199252322406"]
[EventDate "2026.04.24"]
[EventType "swiss"]
[EventRounds "5"]
[EventCountry "MNE"]
[SourceVersionDate "2026.05.09"]

1. e4 d5 2. exd5 Nf6 3. d4 Bg4 4. f3 Bf5 5. g4 Bc8 6. c4 g6 7. Ne2 c6 8. Nbc3 Bg7 9. Be3 cxd5 10. g5 Nh5 11. Nxd5 Nc6 12. Ndc3 O-O 13. d5 Ne5 14. Ng3 Qa5 15. Kf2 Nxg3 16. hxg3 f6 17. Be2 fxg5 18. Kg2 Qb4 19. Bxg5 Qxb2 20. Na4 Qa3 21. Bc1 Qd6 22. c5 Qf6 23. Bb2 Qf5 24. Nc3 Bd7 25. f4 Rad8 26. Qe1 Nd3 27. Bxd3 Qxd3 28. Rd1 Qc4 29. Qe3 Bf5 30. Rhe1 Rc8 31. Rc1 Rxc5 32. Qxe7 Rc7 33. Qe2 Qxe2+ 34. Nxe2 Rxc1 35. Bxc1 Be4+ 36. Kf2 Bxd5 37. a3 Re8 38. Be3 a6 39. Rd1 Bc4 40. Nd4 Rd8 41. Rd2 b5 42. Nf3 Rxd2+ 43. Bxd2 Bb2 44. Bb4 a5 45. Bxa5 Bxa3 46. Ne5 Bc5+ 47. Ke1 Be6 48. Nd3 Bd4 49. Bb4 h5 50. Ne5 Bf5 51. Nf3 Bb6 52. Ng5 Bc7 53. Kf2 h4 54. gxh4 Bxf4 55. Nf3 Kf7 56. Nd4 Bd3 57. Kf3 Bh6 58. Kg4 Bg7 59. Nb3 Bf5+ 60. Kf4 Ke6 61. h5 Be5+ 62. Ke3 Kd5 63. Be1 gxh5 64. Kf2 h4 65. Kg2 h3+ 0-1

[Event "CEDIS Festival saha 2026 - 2. turnir"]
[Site "Podgorica"]
[Date "2026.04.25"]
[Round "3.4"]
[White "Zizic, Djordje"]
[Black "Pavlovic, David"]
[Result "1-0"]
[WhiteElo "2151"]
[BlackElo "1846"]
[WhiteFideId "-1"]
[BlackFideId "-1"]
[PlyCount "125"]
[GameId "2308203934513648"]
[EventDate "2026.04.24"]
[EventType "swiss"]
[EventRounds "5"]
[EventCountry "MNE"]
[SourceVersionDate "2026.05.09"]

1. e4 c6 2. Nc3 d5 3. Nf3 dxe4 4. Nxe4 Nf6 5. Qe2 Nxe4 6. Qxe4 Qd5 7. Qf4 Qd6 8. Qe3 Qe6 9. b3 Qxe3+ 10. fxe3 Bg4 11. Bb2 Bxf3 12. gxf3 Nd7 13. O-O-O e6 14. Rg1 Nf6 15. e4 Nh5 16. Rg5 Nf4 17. h4 h5 18. a4 f6 19. Rg1 Kf7 20. Bc4 a6 21. a5 Bd6 22. Bd4 Rad8 23. Be3 c5 24. Kb1 Rd7 25. d4 cxd4 26. Rxd4 Rhd8 27. Rxd6 Rxd6 28. Bxf4 Rd1+ 29. Rxd1 Rxd1+ 30. Kb2 Rh1 31. Bd6 g5 32. hxg5 fxg5 33. f4 gxf4 34. Bxf4 Rh4 35. Bd6 Rxe4 36. Kc3 h4 37. Kb4 h3 38. Kc5 Ke8 39. Bd3 Rg4 40. Kb6 Kd7 41. Be5 Kc8 42. c4 Rg5 43. Bd6 Rg7 44. c5 Rd7 45. Bc4 Kd8 46. Bxe6 Rh7 47. Bd5 Kc8 48. b4 Rg7 49. Be6+ Kd8 50. Bxh3 Rh7 51. Be6 Rh6 52. Bd5 Rh4 53. Kxb7 Rxb4+ 54. Kxa6 Kd7 55. Ka7 Rd4 56. Bb7 Ra4 57. a6 Rg4 58. Bh2 Rc4 59. c6+ Kd8 60. c7+ Rxc7 61. Bxc7+ Kxc7 62. Bh1 Kc8 63. Kb6 1-0

[Event "CEDIS Festival saha 2026 - 2. turnir"]
[Site "Podgorica"]
[Date "2026.04.25"]
[Round "3.4"]
[White "Uslu, Berkant"]
[Black "Scekic, Veljko"]
[Result "0-1"]
[WhiteElo "1631"]
[BlackElo "2223"]
[WhiteFideId "-1"]
[BlackFideId "-1"]
[PlyCount "110"]
[GameId "2308209020160751"]
[EventDate "2026.04.24"]
[EventType "swiss"]
[EventRounds "5"]
[EventCountry "MNE"]
[SourceVersionDate "2026.05.09"]

1. e4 e5 2. Nc3 Nf6 3. f4 d5 4. fxe5 Nxe4 5. Qf3 Nxc3 6. bxc3 Be6 7. d4 c5 8. Bb5+ Nc6 9. Ne2 Be7 10. O-O O-O 11. Nf4 cxd4 12. Bxc6 bxc6 13. cxd4 Bf5 14. Be3 Be4 15. Qe2 Qd7 16. Rab1 Rab8 17. Nd3 Qc7 18. Bf4 Rxb1 19. Rxb1 Rb8 20. Rf1 Qb6 21. Be3 Qa6 22. e6 fxe6 23. Qd1 Bxd3 24. cxd3 Rf8 25. Rxf8+ Bxf8 26. Qg4 Qc8 27. h4 Qe8 28. Kf2 Qf7+ 29. Ke2 Bd6 30. Kd2 Qf5 31. Qe2 h5 32. Kc3 Kh7 33. Kc2 a6 34. Kb3 e5 35. Bg5 Kg6 36. dxe5 Bxe5 37. Ka4 c5 38. Ka3 Bd6 39. Qe8+ Kh7 40. Qxh5+ Kg8 41. Qe8+ Bf8 42. Kb2 Qxd3 43. Qe6+ Kh7 44. Qf7 Qe2+ 45. Kb1 Qe4+ 46. Kb2 Bd6 47. Kc1 c4 48. Qd7 Ba3+ 49. Kd1 Bb4 50. Qh3 Qb1+ 51. Ke2 Qc2+ 52. Kf1 Qd1+ 53. Kf2 Be1+ 54. Ke3 Qd3+ 55. Kf4 Qe4# 0-1

[Event "CEDIS Festival saha 2026 - 2. turnir"]
[Site "Podgorica"]
[Date "2026.04.25"]
[Round "3.5"]
[White "Lakusic, Zoran"]
[Black "Baranin, Gojko"]
[Result "0-1"]
[WhiteElo "1715"]
[BlackElo "1896"]
[WhiteFideId "-1"]
[BlackFideId "-1"]
[PlyCount "66"]
[GameId "2308221215014944"]
[EventDate "2026.04.24"]
[EventType "swiss"]
[EventRounds "5"]
[EventCountry "MNE"]
[SourceVersionDate "2026.05.09"]

1. Nf3 e6 2. c4 d5 3. d4 Nf6 4. Bg5 Be7 5. Nc3 Nc6 6. a3 a5 7. c5 Ne4 8. Bf4 Nxc3 9. bxc3 O-O 10. a4 f6 11. c4 b6 12. cxb6 cxb6 13. e3 Nb4 14. Be2 Ba6 15. Nd2 Rc8 16. Rc1 e5 17. dxe5 d4 18. O-O fxe5 19. Bxe5 dxe3 20. fxe3 Nd3 21. Rxf8+ Bxf8 22. Bxd3 Qxd3 23. Rc3 Qd7 24. Qc2 Qf7 25. Nf3 h6 26. Bd4 Bb4 27. Ne5 Qe6 28. Rd3 Bxc4 29. Nxc4 Rxc4 30. Qb2 Qc6 31. Qe2 Qxa4 32. Qg4 Bf8 33. Qe6+ Kh8 0-1

[Event "CEDIS Festival saha 2026 - 2. turnir"]
[Site "Podgorica"]
[Date "2026.04.25"]
[Round "3.9"]
[White "Zarudniak, Elisei"]
[Black "Markovic, Janko"]
[Result "0-1"]
[WhiteElo "1761"]
[BlackElo "1587"]
[WhiteFideId "-1"]
[BlackFideId "-1"]
[PlyCount "64"]
[GameId "2308227075302169"]
[EventDate "2026.04.24"]
[EventType "swiss"]
[EventRounds "5"]
[EventCountry "MNE"]
[SourceVersionDate "2026.05.09"]

1. e4 c5 2. Nf3 d6 3. Bb5+ Bd7 4. Bxd7+ Nxd7 5. O-O Ngf6 6. Re1 e6 7. c3 Be7 8. d4 cxd4 9. cxd4 O-O 10. Nc3 a6 11. h3 h6 12. Be3 Nb6 13. Nd2 Rc8 14. f4 Nc4 15. Nxc4 Rxc4 16. Qf3 b5 17. a3 Qd7 18. g4 a5 19. Qg3 b4 20. axb4 axb4 21. g5 hxg5 22. fxg5 Nh7 23. Na4 Qc6 24. b3 Rc2 25. Qg4 f5 26. gxf6 Nxf6 27. Qxe6+ Rf7 28. Bg5 Nxe4 29. Bxe7 Rg2+ 30. Kxg2 Qc2+ 31. Kh1 Ng3+ 32. Kg1 Qf2# 0-1

[Event "CEDIS Festival saha 2026 - 2. turnir"]
[Site "Podgorica"]
[Date "2026.04.25"]
[Round "3.11"]
[White "Peric, Toman"]
[Black "Mucevic, Taik"]
[Result "1/2-1/2"]
[WhiteElo "1700"]
[BlackElo "1561"]
[WhiteFideId "-1"]
[BlackFideId "-1"]
[PlyCount "110"]
[GameId "2308257634430528"]
[EventDate "2026.04.24"]
[EventType "swiss"]
[EventRounds "5"]
[EventCountry "MNE"]
[SourceVersionDate "2026.05.09"]

1. e4 e6 2. d4 d5 3. Nc3 c5 4. dxc5 d4 5. Bb5+ Nc6 6. Nce2 Qa5+ 7. c3 Qxb5 8. cxd4 Nf6 9. Nc3 Qb4 10. Nge2 Nxe4 11. O-O Nxc3 12. bxc3 Qa5 13. Bd2 Be7 14. c4 Qd8 15. Bc3 Bf6 16. d5 Bxc3 17. Nxc3 Ne5 18. Re1 Ng6 19. Qa4+ Qd7 20. c6 bxc6 21. dxc6 Qe7 22. Nd5 Qd8 23. Rad1 O-O 24. c7 Qe8 25. Qa3 Qc6 26. Ne7+ Nxe7 27. Qxe7 Bb7 28. f3 Qb6+ 29. Kh1 Rac8 30. c5 Qxc7 31. Rd7 Qa5 32. Rxe6 Qxc5 33. Qxc5 Rxc5 34. Re1 Rb5 35. h3 a5 36. Re3 Bd5 37. Re5 Bc6 38. Rxb5 Bxb5 39. Rd5 Rb8 40. a4 Bxa4 41. Rxa5 Bb3 42. Kh2 g6 43. Kg3 Kg7 44. Kf4 h6 45. g4 g5+ 46. Kg3 Bd1 47. Ra3 Rb3 48. Ra5 Bxf3 49. Kh2 Kg6 50. Ra6+ f6 51. Ra2 Re3 52. Ra4 h5 53. Rb4 h4 54. Rb6 Re1 55. Rxf6+ Kxf6 1/2-1/2

[Event "CEDIS Festival saha 2026 - 2. turnir"]
[Site "Podgorica"]
[Date "2026.04.25"]
[Round "3.12"]
[White "Altinok, Mehmet Akif"]
[Black "Stanic, Stefan"]
[Result "1-0"]
[WhiteElo "1528"]
[BlackElo "1459"]
[WhiteFideId "-1"]
[BlackFideId "-1"]
[PlyCount "87"]
[GameId "2308259411148633"]
[EventDate "2026.04.24"]
[EventType "swiss"]
[EventRounds "5"]
[EventCountry "MNE"]
[SourceVersionDate "2026.05.09"]

1. Nf3 d5 2. g3 Nf6 3. Bg2 c5 4. O-O Nc6 5. d3 e5 6. c4 d4 7. e3 Bd6 8. exd4 cxd4 9. a3 a5 10. Re1 O-O 11. Qc2 Re8 12. Nbd2 Bf5 13. Nh4 Bd7 14. Ne4 Nxe4 15. Bxe4 Rc8 16. Qe2 g6 17. Bg2 Be7 18. Nf3 Bf6 19. Nd2 Bg7 20. Ne4 Rb8 21. Bg5 f6 22. Bd2 Kh8 23. b4 Rf8 24. b5 Ne7 25. a4 b6 26. Rac1 f5 27. Ng5 Bc8 28. c5 bxc5 29. Rxc5 Qb6 30. Rxe5 Ng8 31. Re8 Bd7 32. Rxb8 Qxb8 33. Bxa5 Qa7 34. Bb4 Rf6 35. Be7 Nxe7 36. Qxe7 Qa5 37. Bd5 h6 38. Nf3 g5 39. Qxd7 g4 40. Re8+ Kh7 41. Bg8+ Kg6 42. Ne5+ Kh5 43. Qxg7 Qe1+ 44. Kg2 1-0

[Event "CEDIS Festival saha 2026 - 2. turnir"]
[Site "Podgorica"]
[Date "2026.04.25"]
[Round "3.13"]
[White "Vukovic, Stefan"]
[Black "Sorochenkov, Alexander"]
[Result "0-1"]
[WhiteElo "1519"]
[BlackElo "1429"]
[WhiteFideId "-1"]
[BlackFideId "-1"]
[PlyCount "62"]
[GameId "2308260385034152"]
[EventDate "2026.04.24"]
[EventType "swiss"]
[EventRounds "5"]
[EventCountry "MNE"]
[SourceVersionDate "2026.05.09"]

1. e4 c5 2. Nc3 d6 3. f4 Nc6 4. Nf3 g6 5. Bc4 Bg7 6. O-O e6 7. d3 Nge7 8. a4 O-O 9. Qe1 d5 10. exd5 exd5 11. Bb3 Be6 12. Ne2 Nf5 13. c3 c4 14. Bc2 Qb6+ 15. d4 Nd6 16. Ng3 Rfe8 17. Ne5 Bc8 18. Qf2 Ne7 19. Qf3 f6 20. Ng4 f5 21. Ne5 Nc6 22. Kh1 Ne4 23. Bxe4 dxe4 24. Qe2 Nxe5 25. fxe5 Be6 26. h4 h5 27. Be3 Qd8 28. Qd2 Qxh4+ 29. Kg1 Qxg3 30. Bf4 Qg4 31. d5 Rad8 0-1

[Event "CEDIS Festival saha 2026 - 2. turnir"]
[Site "Podgorica"]
[Date "2026.04.26"]
[Round "4.1"]
[White "Musovic, Armin"]
[Black "Kramich, Aliaksei"]
[Result "0-1"]
[WhiteElo "2176"]
[BlackElo "2195"]
[WhiteFideId "-1"]
[BlackFideId "-1"]
[PlyCount "62"]
[GameId "2308261919920192"]
[EventDate "2026.04.24"]
[EventType "swiss"]
[EventRounds "5"]
[EventCountry "MNE"]
[SourceVersionDate "2026.05.09"]

1. e4 e5 2. Nf3 Nc6 3. Nc3 Nf6 4. g3 d5 5. exd5 Nxd5 6. Bg2 Nxc3 7. bxc3 Bd6 8. O-O O-O 9. Re1 f5 10. d3 Qf6 11. Ng5 e4 12. f4 h6 13. Nh3 Qxc3 14. Bd2 Qf6 15. dxe4 fxe4 16. Nf2 Bc5 17. Be3 Bxe3 18. Rxe3 Bf5 19. Nxe4 Qg6 20. c3 Rfe8 21. Qa4 Re7 22. Rae1 Rae8 23. Kf2 Qh5 24. Qb5 Kh8 25. Qxb7 Bxe4 26. Bxe4 Qxh2+ 27. Kf3 Ne5+ 28. fxe5 Rf8+ 29. Bf5 Rxf5+ 30. Ke4 Qc2+ 31. Kd4 c5+ 0-1

[Event "CEDIS Festival saha 2026 - 2. turnir"]
[Site "Podgorica"]
[Date "2026.04.26"]
[Round "4.2"]
[White "Mitric, Nebojsa"]
[Black "Marsenic, Lazar"]
[Result "1/2-1/2"]
[WhiteElo "1863"]
[BlackElo "2064"]
[WhiteFideId "-1"]
[BlackFideId "-1"]
[PlyCount "72"]
[GameId "2308265445093477"]
[EventDate "2026.04.24"]
[EventType "swiss"]
[EventRounds "5"]
[EventCountry "MNE"]
[SourceVersionDate "2026.05.09"]

1. e4 c5 2. Nf3 d6 3. d4 cxd4 4. Nxd4 Nf6 5. Nc3 a6 6. f3 e5 7. Nb3 Be7 8. Be3 Be6 9. Qd2 h5 10. Nd5 Bxd5 11. exd5 Nbd7 12. Na5 Qc7 13. c4 O-O 14. b4 Rfe8 15. Be2 Nf8 16. O-O Ng6 17. g3 h4 18. Rfc1 Rad8 19. Bd3 e4 20. fxe4 Ne5 21. Rf1 b6 22. Nb3 Nxc4 23. Qe2 Nxe3 24. Qxe3 Qc3 25. Qd4 Rc8 26. Rac1 Qxd4+ 27. Nxd4 Rxc1 28. Rxc1 Nxe4 29. Bxa6 hxg3 30. hxg3 Bf6 31. Ne2 Ra8 32. Rc8+ Rxc8 33. Bxc8 Be5 34. Kg2 g6 35. Kf3 f5 36. a4 Nc3 1/2-1/2

[Event "CEDIS Festival saha 2026 - 2. turnir"]
[Site "Podgorica"]
[Date "2026.04.26"]
[Round "4.3"]
[White "Scekic, Veljko"]
[Black "Zizic, Djordje"]
[Result "0-1"]
[WhiteElo "2223"]
[BlackElo "2151"]
[WhiteFideId "-1"]
[BlackFideId "-1"]
[PlyCount "118"]
[GameId "2308291155345575"]
[EventDate "2026.04.24"]
[EventType "swiss"]
[EventRounds "5"]
[EventCountry "MNE"]
[SourceVersionDate "2026.05.09"]

1. e4 c5 2. c3 Nf6 3. e5 Nd5 4. Bc4 Nb6 5. Bb3 c4 6. Bc2 d6 7. Nf3 dxe5 8. Nxe5 Qd5 9. Qe2 f6 10. Nf3 e5 11. a4 Nc6 12. d4 cxd3 13. Bxd3 Be6 14. a5 Nd7 15. a6 Nc5 16. axb7 Rb8 17. Bc2 Qc4 18. Nbd2 Qxe2+ 19. Kxe2 a5 20. Rd1 Be7 21. Ne4 Nb3 22. Ra4 Nxc1+ 23. Rxc1 Rxb7 24. b4 axb4 25. Ra8+ Nb8 26. Ba4+ Kf7 27. cxb4 Rxb4 28. Nc5 Rc8 29. Nb3 Rxc1 30. Nxc1 Rb2+ 31. Kd1 Nd7 32. Bc2 g6 33. Nd2 Bd5 34. Ra5 Be6 35. Ndb3 Nb6 36. Ra7 Nd5 37. Nd3 Nc3+ 38. Kc1 Rxb3 39. Bxb3 Bxb3 40. Kb2 Nb5 41. Rxe7+ Kxe7 42. Kxb3 Ke6 43. Kc2 g5 44. f3 Kd5 45. Kd2 f5 46. Nb4+ Kc5 47. Nd3+ Kd4 48. Nb4 e4 49. fxe4 fxe4 50. Nc6+ Kd5 51. Nb4+ Ke5 52. Nc6+ Kf4 53. Nb4 Nc7 54. Ke2 h5 55. Kf2 e3+ 56. Ke2 Ke4 57. h3 Ne6 58. Ke1 Nf4 59. Kf1 e2+ 0-1

[Event "CEDIS Festival saha 2026 - 2. turnir"]
[Site "Podgorica"]
[Date "2026.04.26"]
[Round "4.4"]
[White "Doderovic, Aleksa"]
[Black "Rasovic, Uros"]
[Result "0-1"]
[WhiteElo "1870"]
[BlackElo "2207"]
[WhiteFideId "-1"]
[BlackFideId "-1"]
[PlyCount "98"]
[GameId "2308292835995962"]
[EventDate "2026.04.24"]
[EventType "swiss"]
[EventRounds "5"]
[EventCountry "MNE"]
[SourceVersionDate "2026.05.09"]

1. d4 Nf6 2. Nf3 g6 3. g3 Bg7 4. Bg2 O-O 5. O-O d5 6. c3 b6 7. Ne5 Bb7 8. c4 Nbd7 9. Bf4 e6 10. Nc3 Ne4 11. Nxe4 Nxe5 12. Bxe5 dxe4 13. Bxg7 Kxg7 14. e3 f5 15. a4 e5 16. dxe5 Qe7 17. Qc2 Qxe5 18. Rfd1 Rfd8 19. b4 Rd3 20. Bf1 Rad8 21. c5 bxc5 22. bxc5 Rxd1 23. Rxd1 Rxd1 24. Qxd1 Qxc5 25. Qd7+ Kh6 26. h3 Bd5 27. Qd8 Qd6 28. Qxd6 cxd6 29. Bb5 Kg5 30. Kf1 Kf6 31. h4 Ke5 32. Ke2 Ba2 33. Kd2 Kd5 34. Kc3 Kc5 35. Be8 Bd5 36. Bd7 Bc6 37. Be6 Bxa4 38. Bg8 h6 39. Bh7 Be8 40. h5 g5 41. Bxf5 Bxh5 42. Bxe4 d5 43. Bc2 Bf3 44. Ba4 h5 45. Bd7 Bg4 46. Be8 h4 47. gxh4 gxh4 48. f3 Bxf3 49. Bd7 Bg2 0-1

[Event "CEDIS Festival saha 2026 - 2. turnir"]
[Site "Podgorica"]
[Date "2026.04.26"]
[Round "4.5"]
[White "Abramovic, Dragoljub"]
[Black "Djukic, Katarina"]
[Result "1-0"]
[WhiteElo "2034"]
[BlackElo "1732"]
[WhiteFideId "-1"]
[BlackFideId "-1"]
[PlyCount "97"]
[GameId "2308293919007144"]
[EventDate "2026.04.24"]
[EventType "swiss"]
[EventRounds "5"]
[EventCountry "MNE"]
[SourceVersionDate "2026.05.09"]

1. Nf3 Nf6 2. d4 g6 3. Bf4 Bg7 4. h3 O-O 5. e3 d6 6. Bc4 Nbd7 7. O-O b6 8. Nbd2 Bb7 9. Qe2 Re8 10. Ng5 Rf8 11. Rad1 e5 12. dxe5 dxe5 13. Bh2 Qe7 14. Ba6 Bxa6 15. Qxa6 Nc5 16. Qc4 a5 17. Nb3 Nfd7 18. Ne4 Nxe4 19. Qxe4 Rfd8 20. Qc6 a4 21. Nc1 Nc5 22. Nd3 Qd6 23. Qf3 Qe7 24. Nxc5 Qxc5 25. Qe4 Qb5 26. b3 axb3 27. axb3 Qe8 28. Qc4 b5 29. Qc5 c6 30. e4 Qe6 31. Bg3 Rd4 32. c3 Rxd1 33. Rxd1 Qxb3 34. Rd6 Qb1+ 35. Kh2 Qxe4 36. Rxc6 b4 37. f3 Qb1 38. Rc8+ Rxc8 39. Qxc8+ Bf8 40. Bxe5 Qf5 41. Qb8 Qe6 42. cxb4 f6 43. Bg3 Kg7 44. b5 Qe3 45. Qc7+ Kg8 46. Qc4+ Kg7 47. Qf4 Qb3 48. Qc7+ Kg8 49. b6 1-0

[Event "CEDIS Festival saha 2026 - 2. turnir"]
[Site "Podgorica"]
[Date "2026.04.26"]
[Round "4.6"]
[White "Baranin, Gojko"]
[Black "Jankovic, Jovan"]
[Result "0-1"]
[WhiteElo "1896"]
[BlackElo "1830"]
[WhiteFideId "-1"]
[BlackFideId "-1"]
[PlyCount "58"]
[GameId "2308297422185228"]
[EventDate "2026.04.24"]
[EventType "swiss"]
[EventRounds "5"]
[EventCountry "MNE"]
[SourceVersionDate "2026.05.09"]

1. e4 e5 2. Nf3 Nf6 3. Nc3 Nc6 4. d4 exd4 5. Nxd4 Bb4 6. Nxc6 bxc6 7. Bd3 Qe7 8. O-O Qe5 9. f4 Qc5+ 10. Kh1 Bxc3 11. bxc3 Qxc3 12. Rb1 Qc5 13. Bb2 Qe7 14. e5 Nd5 15. c4 Ne3 16. Qe2 Nxf1 17. Rxf1 d5 18. f5 Qh4 19. cxd5 O-O 20. Bc1 cxd5 21. g3 Qd4 22. Be3 Qxe5 23. Qf2 Qc3 24. Bc2 Bb7 25. Bd4 Qc4 26. Kg1 Rfe8 27. Bd1 Re4 28. Bxg7 Kxg7 29. Qb2+ Qd4+ 0-1

[Event "CEDIS Festival saha 2026 - 2. turnir"]
[Site "Podgorica"]
[Date "2026.04.26"]
[Round "4.7"]
[White "Mihciyazgan, Can"]
[Black "Cetinkaya, Vedat Ali"]
[Result "1/2-1/2"]
[WhiteElo "1751"]
[BlackElo "1876"]
[WhiteFideId "-1"]
[BlackFideId "-1"]
[PlyCount "64"]
[GameId "2308299625395061"]
[EventDate "2026.04.24"]
[EventType "swiss"]
[EventRounds "5"]
[EventCountry "MNE"]
[SourceVersionDate "2026.05.09"]

1. c3 e5 2. d4 d6 3. dxe5 dxe5 4. Qxd8+ Kxd8 5. Nf3 Bd6 6. g3 Ke7 7. Bg2 Nd7 8. O-O Ngf6 9. Nbd2 c6 10. Nc4 Bc7 11. b3 Re8 12. Ba3+ c5 13. Kh1 Rb8 14. Ne3 Kf8 15. Rfd1 b6 16. c4 Bb7 17. Ng4 Kg8 18. Nxf6+ Nxf6 19. e3 Rbd8 20. Ne1 Bxg2+ 21. Kxg2 Ne4 22. Bb2 f6 23. Kf3 Nd6 24. Rd5 Kf7 25. Rad1 Nf5 26. Rxd8 Rxd8 27. Rxd8 Bxd8 28. e4 Nd6 29. g4 g6 30. Nd3 Ke6 31. Ke3 h6 32. h4 Nf7 1/2-1/2

[Event "CEDIS Festival saha 2026 - 2. turnir"]
[Site "Podgorica"]
[Date "2026.04.26"]
[Round "4.8"]
[White "Markovic, Janko"]
[Black "Vujadinovic, Zeljko"]
[Result "1/2-1/2"]
[WhiteElo "1587"]
[BlackElo "1811"]
[WhiteFideId "-1"]
[BlackFideId "-1"]
[PlyCount "54"]
[GameId "2308301247657128"]
[EventDate "2026.04.24"]
[EventType "swiss"]
[EventRounds "5"]
[EventCountry "MNE"]
[SourceVersionDate "2026.05.09"]

1. e4 c6 2. d4 d5 3. Nd2 dxe4 4. Nxe4 Nf6 5. Nxf6+ exf6 6. Nf3 Bg4 7. Be2 Bd6 8. O-O O-O 9. c3 Qc7 10. h3 Bh5 11. Nh4 Bg6 12. Nxg6 hxg6 13. Re1 Nd7 14. Bd3 Rfe8 15. Rxe8+ Rxe8 16. Bd2 Bf4 17. Bxf4 Qxf4 18. Qg4 Qxg4 19. hxg4 Nb6 20. Kf1 Kf8 21. Re1 Rd8 22. Rd1 Re8 23. Bc2 g5 24. Re1 Rd8 25. Bb3 Nd5 26. Bxd5 Rxd5 27. Re2 b5 1/2-1/2

[Event "CEDIS Festival saha 2026 - 2. turnir"]
[Site "Podgorica"]
[Date "2026.04.26"]
[Round "4.10"]
[White "Sorochenkov, Alexander"]
[Black "Zarudniak, Elisei"]
[Result "1-0"]
[WhiteElo "1429"]
[BlackElo "1761"]
[WhiteFideId "-1"]
[BlackFideId "-1"]
[PlyCount "79"]
[GameId "2308314965140789"]
[EventDate "2026.04.24"]
[EventType "swiss"]
[EventRounds "5"]
[EventCountry "MNE"]
[SourceVersionDate "2026.05.09"]

1. e4 c5 2. Nf3 d6 3. d4 cxd4 4. Nxd4 Nf6 5. Nc3 a6 6. Be2 e5 7. Nf3 Be6 8. O-O Nbd7 9. h3 Be7 10. Ng5 Nb6 11. Nxe6 fxe6 12. Bg4 Qd7 13. f4 exf4 14. Bxf4 O-O 15. Nd5 Nc8 16. Nxf6+ Bxf6 17. e5 Be7 18. exd6 Bxd6 19. Bxd6 Nxd6 20. Re1 Rf6 21. Re5 Qe7 22. Qe2 Re8 23. Re1 Kf7 24. Rf1 Nb5 25. Rxe6 Qc5+ 26. Kh1 Rf8 27. Rexf6+ gxf6 28. Qe4 Kg7 29. Qxb7+ Rf7 30. Qc8 Qe5 31. c3 Re7 32. Qf5 Qd6 33. Qf4 Re5 34. Kh2 Qe7 35. Rd1 Qc5 36. Rd7+ Kg6 37. Bf3 Rg5 38. h4 Qe5 39. Be4+ f5 40. Qxe5 1-0

[Event "CEDIS Festival saha 2026 - 2. turnir"]
[Site "Podgorica"]
[Date "2026.04.26"]
[Round "4.15"]
[White "Mucevic, Taik"]
[Black "Vukovic, Stefan"]
[Result "1-0"]
[WhiteElo "1561"]
[BlackElo "1519"]
[WhiteFideId "-1"]
[BlackFideId "-1"]
[PlyCount "37"]
[GameId "2308336221096356"]
[EventDate "2026.04.24"]
[EventType "swiss"]
[EventRounds "5"]
[EventCountry "MNE"]
[SourceVersionDate "2026.05.09"]

1. e4 e5 2. Nf3 Nc6 3. Bc4 Bc5 4. c3 d6 5. d4 exd4 6. cxd4 Bb4+ 7. Nc3 Nf6 8. O-O d5 9. exd5 Na5 10. Re1+ Be7 11. Qa4+ c6 12. d6 b5 13. Nxb5 cxb5 14. Bxb5+ Bd7 15. Bxd7+ Nxd7 16. Rxe7+ Qxe7 17. dxe7 Kxe7 18. Bg5+ f6 19. Re1+ 1-0

[Event "CEDIS Festival saha 2026 - 2. turnir"]
[Site "Podgorica"]
[Date "2026.04.26"]
[Round "5.1"]
[White "Kramich, Aliaksei"]
[Black "Zizic, Djordje"]
[Result "1-0"]
[WhiteElo "2195"]
[BlackElo "2151"]
[WhiteFideId "-1"]
[BlackFideId "-1"]
[PlyCount "77"]
[GameId "2308341179341268"]
[EventDate "2026.04.24"]
[EventType "swiss"]
[EventRounds "5"]
[EventCountry "MNE"]
[SourceVersionDate "2026.05.09"]

1. b4 d5 2. Bb2 e6 3. e3 Nf6 4. a3 a5 5. b5 c5 6. Nf3 Be7 7. c4 O-O 8. d4 Nbd7 9. cxd5 Nxd5 10. Be2 b6 11. O-O Bb7 12. Nbd2 Rc8 13. Nc4 f5 14. Rc1 g5 15. Qb3 g4 16. Nfe5 N7f6 17. f3 h5 18. Ng6 Rf7 19. Nce5 Rg7 20. Nxe7+ Qxe7 21. dxc5 Rxc5 22. Bd4 Rxc1 23. Rxc1 Qd6 24. Nc4 Qd8 25. Nxb6 Nf4 26. Kf1 gxf3 27. Bxf3 Bxf3 28. gxf3 Ne4 29. Qa2 Qh4 30. Bxg7 Qh3+ 31. Kg1 Qxf3 32. exf4 Qe3+ 33. Kg2 Qxc1 34. Bd4 Kf7 35. Nc4 Qd1 36. Ne5+ Ke7 37. Bf2 Qc1 38. Qc4 Qxf4 39. Ng6+ 1-0

[Event "CEDIS Festival saha 2026 - 2. turnir"]
[Site "Podgorica"]
[Date "2026.04.26"]
[Round "5.2"]
[White "Rasovic, Uros"]
[Black "Mitric, Nebojsa"]
[Result "1-0"]
[WhiteElo "2207"]
[BlackElo "1863"]
[WhiteFideId "-1"]
[BlackFideId "-1"]
[PlyCount "37"]
[GameId "2308343620536902"]
[EventDate "2026.04.24"]
[EventType "swiss"]
[EventRounds "5"]
[EventCountry "MNE"]
[SourceVersionDate "2026.05.09"]

1. e4 c6 2. Nc3 d6 3. d4 Qc7 4. f4 e5 5. Nf3 Bg4 6. Be2 Nd7 7. h3 Bxf3 8. Bxf3 g6 9. Be3 Bg7 10. Qd2 f6 11. O-O-O Ne7 12. dxe5 dxe5 13. Bg4 Nf8 14. fxe5 fxe5 15. Rhf1 h5 16. Qf2 Nc8 17. Bd7+ Nxd7 18. Qf7+ Kd8 19. Bg5+ 1-0

[Event "CEDIS Festival saha 2026 - 2. turnir"]
[Site "Podgorica"]
[Date "2026.04.26"]
[Round "5.3"]
[White "Jankovic, Jovan"]
[Black "Musovic, Armin"]
[Result "0-1"]
[WhiteElo "1830"]
[BlackElo "2176"]
[WhiteFideId "-1"]
[BlackFideId "-1"]
[PlyCount "142"]
[GameId "2308347736808037"]
[EventDate "2026.04.24"]
[EventType "swiss"]
[EventRounds "5"]
[EventCountry "MNE"]
[SourceVersionDate "2026.05.09"]

1. e4 c6 2. d4 g6 3. Nf3 Bg7 4. Be2 c5 5. c3 cxd4 6. Nxd4 d6 7. Be3 Nf6 8. Nd2 Nc6 9. O-O O-O 10. f4 Bd7 11. f5 Ne5 12. h3 d5 13. Qc2 dxe4 14. Nxe4 Nd5 15. Qd2 Nxe3 16. Qxe3 Qb6 17. Qf2 gxf5 18. Nxf5 Bxf5 19. Qxb6 axb6 20. Rxf5 Ra4 21. Ng3 e6 22. Rff1 Rd8 23. Rfd1 Rxd1+ 24. Bxd1 Ra8 25. Be2 Rd8 26. Nf1 Kf8 27. a4 Bf6 28. a5 Be7 29. a6 bxa6 30. Rxa6 Bc5+ 31. Kh2 Nd3 32. Bxd3 Rxd3 33. g3 Rf3 34. Ra1 Rf2+ 35. Kh1 Rxb2 36. Rd1 Rf2 37. g4 Rf3 38. Kg2 Rxc3 39. Rd2 Ke7 40. Ng3 b5 41. Rb2 b4 42. Ne4 Rc4 43. Nxc5 Rxc5 44. Rxb4 Rc2+ 45. Kg3 Rc3+ 46. Kg2 Kf6 47. h4 h5 48. gxh5 Rc5 49. Rf4+ Ke7 50. Kg3 Rxh5 51. Kg4 Rh8 52. h5 f5+ 53. Kg5 Rg8+ 54. Kh4 Kf6 55. Ra4 Rg1 56. Ra8 Rh1+ 57. Kg3 Rxh5 58. Kf3 Rh3+ 59. Kg2 Rb3 60. Kf2 e5 61. Rf8+ Kg5 62. Re8 Kf4 63. Rc8 Rb2+ 64. Ke1 e4 65. Rc4 Kf3 66. Rc8 f4 67. Rh8 Ke3 68. Kd1 f3 69. Rh3 Rg2 70. Rh4 Rg1+ 71. Kc2 f2 0-1